| 000 | 01083cam a2200337 a 4500 | ||
|---|---|---|---|
| 999 |
_c5139 _d5139 |
||
| 001 | 24065009 | ||
| 003 | OCoLC | ||
| 005 | 20181221111912.0 | ||
| 008 | 910617s1991 tnu b 000 0 eng | ||
| 010 | _a 91024125 | ||
| 020 | _a0840775822 | ||
| 020 | _a9780840775825 | ||
| 035 | _a(OCoLC)24065009 | ||
| 040 |
_aDLC _cDLC _dBTCTA _dBAKER _dYDXCP _dCKL |
||
| 043 | _an-us--- | ||
| 050 | 0 | 0 |
_aHQ734 _b.P24 1991 |
| 082 | 0 | 0 |
_a646.7 _220 _bH488P |
| 092 |
_a646.782 _bP285 |
||
| 245 | 0 | 0 |
_aPassages of marriage / _cFrank Minirth ... [et al.]. |
| 260 |
_aNashville : _bT. Nelson, _cc1991. |
||
| 300 |
_a335 p. ; _c24 cm. |
||
| 490 | 1 | _aMinirth Meier Clinic series | |
| 500 | _a"A Janet Thoma book." | ||
| 504 | _aIncludes bibliographical references (p. [333]-335). | ||
| 520 | _a"Five growth stages that will take your marriage to greater intimacy and fulfillment"--Jacket subtitle. | ||
| 650 | 0 |
_aMarriage _zUnited States. |
|
| 650 | 0 |
_aCommunication in marriage _zUnited States. |
|
| 700 | 1 | _aMinirth, Frank B. | |
| 830 | 0 | _aMinirth-Meier Clinic series. | |
| 942 |
_2ddc _cBK |
||